|
|
|
|
| LEADER |
00000nam0a2200000 4500 |
| 001 |
345945 |
| 005 |
20231102005831.0 |
| 010 |
|
|
|a 9785927408856
|
| 035 |
|
|
|a (RuTPU)RU\TPU\book\377798
|
| 090 |
|
|
|a 345945
|
| 100 |
|
|
|a 20210419d2021 k y0rusy50 ca
|
| 101 |
0 |
|
|a rus
|
| 102 |
|
|
|a RU
|
| 105 |
|
|
|a a z 001zy
|
| 200 |
1 |
|
|a Карельская береза: важнейшие результаты и перспективы исследований
|f Л. В. Ветчинникова, А. Ф. Титов
|g Институт леса КарНЦ РАН ; Институт биологии КарНЦ РАН ; Отдел комплексных научных исследований КарНЦ РАН
|
| 210 |
|
|
|a Петрозаводск
|c КарНЦ РАН
|d 2021
|
| 215 |
|
|
|a 243 с.
|c ил.
|
| 320 |
|
|
|a Библиогр.: с. 207-235
|
| 330 |
|
|
|a В монографии представлена развернутая характеристика уникального биологического объекта представителя рода Береза (Betula L.), семейства Березовые (Betulaceae) карельской березы (Betulapendula Roth van carelica (Mercklin) Hamet-Ahti). Приводятся сведения об ареале карельской березы и ее ресурсах в странах Европы, в России и Республике Карелия. Рассмотрены проблемы происхождения карельской березы, формирования узорчатой текстуры в ее древесине и вопрос о ее таксономическом статусе. Для студентов, аспирантов, преподавателей вузов, сотрудников научных учреждений биологического, лесохозяйственного и сельскохозяйственного профиля, любителей природы.
|
| 606 |
1 |
|
|a Береза
|x (ботаника)
|2 stltpush
|3 (RuTPU)RU\TPU\subj\80499
|9 88160
|
| 610 |
1 |
|
|a карельская береза
|
| 610 |
1 |
|
|a двудольные растения
|
| 610 |
1 |
|
|a биологические особенности
|
| 610 |
1 |
|
|a происхождение
|
| 610 |
1 |
|
|a ареал
|
| 610 |
1 |
|
|a Карелия
|
| 610 |
1 |
|
|a древесина
|
| 675 |
|
|
|a 582
|v 4
|
| 700 |
|
1 |
|a Ветчинникова
|b Л. В.
|g Лидия Васильевна
|
| 701 |
|
1 |
|a Титов
|b А. Ф.
|g Александр Федорович
|
| 712 |
0 |
2 |
|a Российская академия наук
|b Карельский научный центр
|b Институт леса
|2 stltpush
|3 (RuTPU)RU\TPU\col\27757
|
| 712 |
0 |
2 |
|a Российская академия наук
|b Карельский научный центр
|b Институт биологии
|c (Петрозаводск)
|c (1991- )
|2 stltpush
|3 (RuTPU)RU\TPU\col\27758
|9 28871
|
| 712 |
0 |
2 |
|a Российская академия наук
|b Карельский научный центр
|b Отдел комплексных научных исследований
|c (Петрозаводск)
|c (1991- )
|2 stltpush
|3 (RuTPU)RU\TPU\col\27759
|
| 801 |
|
1 |
|a RU
|b 63413507
|c 20210419
|
| 801 |
|
2 |
|a RU
|b 63413507
|c 20210521
|g RCR
|
| 942 |
|
|
|c BK
|